|
|
|
|
| LEADER |
00000nam0a2200000 4500 |
| 001 |
234846 |
| 005 |
20231101231344.0 |
| 010 |
|
|
|a 9785948363349
|
| 035 |
|
|
|a (RuTPU)RU\TPU\book\255974
|
| 090 |
|
|
|a 234846
|
| 100 |
|
|
|a 20130401d2012 m y0rusy50 ca
|
| 101 |
0 |
|
|a rus
|
| 102 |
|
|
|a RU
|
| 105 |
|
|
|a a j 001zy
|
| 200 |
1 |
|
|a Основы масс-спектрометрии белков и пептидов
|e учебное пособие
|f А. Т. Лебедев, К. А. Артеменко, Т. Ю. Самгина
|
| 210 |
|
|
|a Москва
|c Техносфера
|d 2012
|
| 215 |
|
|
|a 162 с.
|c ил.
|
| 320 |
|
|
|a Библиогр.: с. 149-162.
|
| 330 |
|
|
|a Книга представляет собой первое учебное пособие на русском языке по основам масс-спектрометрии белков и пептидов. Цель настоящего издания - заинтересовать молодых исследователей информативной, красивой и востребованной во всем мире дисциплиной, дать возможность более эффективно применять масс-спектрометрию для решения фунда ментальных и прикладных научных задач. Книга написана в формате лекций для начинающих, хорошо иллюстрирована и сопровождается представительным списком цитированной литературы. Издание рассчитано на студентов и аспирантов химических, физико-химических, биологических и медицинских специальностей; будет полезно научным сотрудникам, уже работающим в области исследований белков и пептидов или интересующимся этим научным направлением.
|
| 606 |
1 |
|
|a Белки
|x Химический анализ
|2 stltpush
|3 (RuTPU)RU\TPU\subj\78382
|9 87822
|
| 606 |
1 |
|
|a Пептиды
|x Химический анализ
|2 stltpush
|3 (RuTPU)RU\TPU\subj\78384
|9 87824
|
| 610 |
1 |
|
|a ионизация
|
| 610 |
1 |
|
|a молекулярная масса
|
| 610 |
1 |
|
|a масс-спектрометрическое секвенирование
|
| 610 |
1 |
|
|a идентификация
|
| 610 |
1 |
|
|a масс-спектры
|
| 610 |
1 |
|
|a отрицательные ионы
|
| 610 |
1 |
|
|a учебные пособия
|
| 675 |
|
|
|a 547.96(07)
|v 3
|
| 675 |
|
|
|a 547.964(07)
|v 3
|
| 700 |
|
1 |
|a Лебедев
|b А. Т.
|g Альберт Тарасович
|
| 701 |
|
1 |
|a Артеменко
|b К. А.
|g Костантин Александрович
|
| 701 |
|
1 |
|a Самгина
|b Т. Ю.
|g Татьяна Юрьевна
|
| 801 |
|
1 |
|a RU
|b 63413507
|c 20130401
|
| 801 |
|
2 |
|a RU
|b 63413507
|c 20190124
|g RCR
|
| 942 |
|
|
|c BK
|
| 959 |
|
|
|a 61/20130327
|d 2
|e 583,00
|f ЧЗТЛ:1
|f АНЛ:1
|